• Donati P.

di Personal Name

Records bibliografici associati: 1

001 - CONTROL NUMBER

  • control field: 58546

003 - CONTROL NUMBER IDENTIFIER

  • control field:

005 - DATE AND TIME OF LATEST TRANSACTION

  • control field: 20200929161739.0

008 - FIXED-LENGTH DATA ELEMENTS

  • fixed length control field: 200929|| aca||aabn | a|a d

040 ## - CATALOGING SOURCE

  • Original cataloging agency:
  • Transcribing agency:

100 ## - HEADING--PERSONAL NAME

  • Personal name: Donati P.
  • Personal name: Barbiano di Belgioioso E.
  • Personal name: Belletti F.
  • Personal name: Blangiardo G.C.
  • Personal name: Boffi P.
  • Personal name: Cantelmi T.
  • Personal name: Marta E.
  • Personal name: Perali J.
  • Personal name: Regalia C.
  • Personal name: Rimoldi S.M.L.
  • Personal name: Rivoltella P.C.
  • Personal name: Tronca L

670 ## - SOURCE DATA FOUND

  • Source citation: Work cat.: (): Centro Internazionale Studi Famiglia (a cura di) 56713, La famiglia nella società post-familiare, 2020
CREDITS: SOCIETA' SAN PAOLO Via A.Severo, 58 - ROMA (RM) & PERIODICI SAN PAOLO SRL Via Giotto, 36 MILANO & CISF Via Giotto, 36 MILANO & EDIZIONI SAN PAOLO SRL,  Piazza Soncino, 5 CINISELLO BALSAMO (MI) -- ITALY